[Event "Cappelle-la-Grande"]
[Site "Cappelle-la-Grande (FRA)"]
[Date "2013.02.27"]
[Round "6.5"]
[White "Rodshtein, Maxim"]
[Black "Eingorn, Vereslav S"]
[Result "1-0"]
[WhiteElo "2616"]
[BlackElo "2547"]
[PlyCount "77"]
[EventDate "2013.??.??"]

1. d4 e6 2. c4 Bb4+ 3. Nd2 Nf6 4. Ngf3 O-O 5. a3 Be7 6. e4 d6 7. Bd3 a5 8. O-O
e5 9. b3 exd4 10. Nxd4 Nfd7 11. Rb1 Bf6 12. Ne2 Nc6 13. Nf4 g6 14. Nd5 Bg7 15.
Bc2 Nd4 16. Nf3 Nxc2 17. Qxc2 c6 18. Nc3 Re8 19. Bg5 Qc7 20. Rfd1 Ne5 21. Nd4
h6 22. Bh4 Qb6 23. h3 Qc5 24. Na4 Qa7 25. Kh1 Nd7 26. Ne2 Nb6 27. Nxb6 Qxb6 28.
Bg3 Qc5 29. Nc3 Be5 30. Na4 Qxa3 31. f4 Bg7 32. f5 Be5 33. Bxe5 dxe5 34. c5 Qb4
35. Nb6 Rb8 36. Ra1 gxf5 37. Ra4 Qb5 38. exf5 e4 39. Rxe4 1-0

[Event "Cappelle-la-Grande"]
[Site "Cappelle-la-Grande (FRA)"]
[Date "2013.02.27"]
[Round "6.12"]
[White "Vazquez Igarza, Renier"]
[Black "Indjic, Aleksandar"]
[Result "1-0"]
[WhiteElo "2565"]
[BlackElo "2502"]
[PlyCount "169"]
[EventDate "2013.??.??"]

1. Nf3 d6 2. d4 Bg4 3. c4 Bxf3 4. exf3 g6 5. d5 Bg7 6. Be2 Nf6 7. Nc3 O-O 8.
O-O c6 9. Re1 Nbd7 10. Bf1 Re8 11. Rb1 Rc8 12. Be3 a6 13. Qd2 e6 14. dxe6 Rxe6
15. Bd4 Rxe1 16. Rxe1 Qf8 17. Rd1 Rd8 18. Be3 Ne8 19. f4 f5 20. g3 Ndf6 21. Bg2
Qf7 22. b3 Rd7 23. Bb6 Bf8 24. h3 Ng7 25. Bf3 Ne6 26. Kg2 h5 27. Qc2 Bg7 28.
Be3 Ne8 29. Na4 N8c7 30. Nb6 Rd8 31. Kh2 Bf6 32. Rd2 Ne8 33. a3 Qg7 34. Qd3 Bc3
35. Rd1 N8c7 36. b4 Kh8 37. Kg2 Kg8 38. Kf1 Kh8 39. g4 fxg4 40. hxg4 hxg4 41.
Bxg4 Kg8 42. f5 gxf5 43. Bxf5 Be5 44. Qe4 Kf7 45. Ke2 Qf6 46. Rh1 Ng7 47. Rh7
Nce6 48. Bg4 Ng5 49. Bxg5 Qxg5 50. Nd7 Kg8 51. Rh3 Kf7 52. Rh7 Kg8 53. Rh1 Kf7
54. Nxe5+ dxe5 55. Rd1 Ke7 56. Rxd8 Kxd8 57. Qd3+ Kc7 58. Qd7+ Kb8 59. f3 Ka7
60. Qd2 Qf6 61. Qe3+ Kb8 62. Qd2 Ne8 63. c5 Nc7 64. Qd6 Qxd6 65. cxd6 Nb5 66.
d7 Kc7 67. Kd3 Nxa3 68. Ke4 Nc4 69. Be6 b5 70. Kf5 Kd8 71. Kf6 a5 72. bxa5 Nxa5
73. Kxe5 Nb7 74. f4 Ke7 75. f5 c5 76. f6+ Kf8 77. Bd5 Nd8 78. Kd6 c4 79. Kc7 c3
80. Bb3 c2 81. Bxc2 Ne6+ 82. Kd6 Nd8 83. Bb3 b4 84. Kc7 Nb7 85. Bd5 1-0

[Event "Cappelle-la-Grande"]
[Site "Cappelle-la-Grande (FRA)"]
[Date "2013.02.27"]
[Round "6.13"]
[White "Jarmula, Lukasz"]
[Black "Kovacevic, Aleksandar"]
[Result "1-0"]
[WhiteElo "2164"]
[BlackElo "2563"]
[PlyCount "55"]
[EventDate "2013.??.??"]

1. d4 Nf6 2. c4 e6 3. Nf3 b6 4. g3 Bb7 5. Bg2 Be7 6. O-O O-O 7. Re1 Na6 8. Nc3
d5 9. cxd5 exd5 10. Bf4 c5 11. Ne5 Nc7 12. dxc5 bxc5 13. Nc4 Ne6 14. Be5 Ba6
15. Ne3 d4 16. Nf5 Ng4 17. Qa4 Nxe5 18. Bxa8 Bf6 19. Bg2 dxc3 20. Qxa6 cxb2 21.
Rab1 Qb8 22. Ne3 Nc7 23. Qa4 Rd8 24. Red1 Rxd1+ 25. Nxd1 c4 26. Qc2 h5 27. Nxb2
Ne6 28. Nxc4 1-0

[Event "Cappelle-la-Grande"]
[Site "Cappelle-la-Grande (FRA)"]
[Date "2013.02.27"]
[Round "6.14"]
[White "Iturrizaga, Eduardo"]
[Black "Andreev, Eduard"]
[Result "1-0"]
[WhiteElo "2646"]
[BlackElo "2514"]
[PlyCount "63"]
[EventDate "2013.??.??"]

1. d4 Nf6 2. Nf3 e6 3. e3 c5 4. c4 cxd4 5. exd4 d5 6. Nc3 Bb4 7. cxd5 Nxd5 8.
Bd2 O-O 9. Bd3 Nf6 10. O-O Nbd7 11. Qe2 b6 12. a3 Bxc3 13. bxc3 Bb7 14. c4 Qc7
15. Rfe1 Rfe8 16. Rac1 Rad8 17. Bc3 Qf4 18. Qd2 Qxd2 19. Nxd2 Rc8 20. f3 a6 21.
Bb4 e5 22. dxe5 Nxe5 23. Bf1 Nc6 24. Bc3 Red8 25. Re3 Nd7 26. Ne4 Nde5 27. f4
Nxc4 28. Rg3 Nd4 29. Nf6+ Kh8 30. Nh5 b5 31. Nxg7 f6 32. Ne6 1-0

[Event "Cappelle-la-Grande"]
[Site "Cappelle-la-Grande (FRA)"]
[Date "2013.02.27"]
[Round "6.16"]
[White "Jianu, Vlad-Cristian"]
[Black "Rozentalis, Eduardas"]
[Result "1/2-1/2"]
[WhiteElo "2500"]
[BlackElo "2613"]
[PlyCount "54"]
[EventDate "2013.??.??"]

1. Nf3 Nf6 2. c4 e6 3. g3 b6 4. Bg2 Bb7 5. O-O Be7 6. Nc3 O-O 7. Re1 Ne4 8.
Nxe4 Bxe4 9. d3 Bb7 10. e4 c5 11. d4 cxd4 12. Nxd4 a6 13. b3 Nc6 14. Bb2 Qc7
15. Rc1 Nxd4 16. Qxd4 f6 17. Rcd1 Bc6 18. Qe3 Qb7 19. Re2 b5 20. cxb5 axb5 21.
Bd4 b4 22. Bc5 Bxc5 23. Qxc5 f5 24. Rd4 Rab8 25. h4 f4 26. Red2 Qb6 27. Qd6
fxg3 1/2-1/2

[Event "Cappelle-la-Grande"]
[Site "Cappelle-la-Grande (FRA)"]
[Date "2013.02.27"]
[Round "6.18"]
[White "Kravtsiv, Martyn"]
[Black "Abergel, Thal"]
[Result "1-0"]
[WhiteElo "2597"]
[BlackElo "2445"]
[PlyCount "61"]
[EventDate "2013.??.??"]

1. e4 b6 2. d4 Bb7 3. Bd3 e6 4. Nf3 d5 5. exd5 Qxd5 6. b3 Nc6 7. Nbd2 Nf6 8. c4
Qh5 9. Bb2 O-O-O 10. a3 Bc5 11. Be2 Be7 12. Qc2 Qh6 13. O-O-O Rd7 14. Kb1 Rhd8
15. Ka2 Ng4 16. Rhf1 Nxh2 17. Nxh2 Qxh2 18. d5 Qh6 19. Rh1 Qf4 20. g3 Qxf2 21.
Ne4 Qe3 22. Rhe1 Kb8 23. Bf1 Qh6 24. dxc6 Bxc6 25. Rxd7 Rxd7 26. c5 b5 27. Nd6
Bf6 28. Bc1 Qh1 29. Bxb5 Qxe1 30. Bxc6 Re7 31. Ne4 1-0

[Event "Cappelle-la-Grande"]
[Site "Cappelle-la-Grande (FRA)"]
[Date "2013.02.27"]
[Round "6.20"]
[White "Semcesen, Daniel"]
[Black "Burmakin, Vladimir"]
[Result "0-1"]
[WhiteElo "2479"]
[BlackElo "2577"]
[PlyCount "102"]
[EventDate "2013.??.??"]

1. d4 Nf6 2. c4 e6 3. Nc3 d5 4. cxd5 exd5 5. Bg5 c6 6. Qc2 Be7 7. e3 O-O 8. Bd3
Nbd7 9. Nge2 Re8 10. f3 c5 11. O-O h6 12. Bh4 b6 13. Rad1 Bb7 14. Rfe1 a6 15.
a3 Qc7 16. Bg3 Bd6 17. Bxd6 Qxd6 18. Ng3 Nf8 19. Qf2 cxd4 20. exd4 g6 21. Qd2
Kg7 22. Bc2 Re6 23. Re2 Rxe2 24. Ngxe2 Ne6 25. Ng3 b5 26. Nce2 h5 27. Nf1 a5
28. Ne3 b4 29. axb4 axb4 30. Bb3 Bc6 31. Nc2 Rb8 32. Nc1 Bb5 33. Na2 Bc4 34.
Bxc4 b3 35. Bxb3 Rxb3 36. Nab4 Qb6 37. Kh1 h4 38. h3 Qd6 39. Qe1 Nh5 40. Nd3
Nef4 41. Nxf4 Qxf4 42. Qe5+ Qxe5 43. dxe5 Rxb2 44. Ne3 Re2 45. Nxd5 Rxe5 46.
Kg1 Re2 47. Nc3 Rc2 48. Ne4 f5 49. Nd2 Nf4 50. Kh2 Kh6 51. Kh1 Nd3 0-1

[Event "Cappelle-la-Grande"]
[Site "Cappelle-la-Grande (FRA)"]
[Date "2013.02.27"]
[Round "6.21"]
[White "Sharif, Mehrshad"]
[Black "Popovic, Dusan"]
[Result "0-1"]
[WhiteElo "2444"]
[BlackElo "2574"]
[PlyCount "68"]
[EventDate "2013.??.??"]

1. d4 Nf6 2. c4 g6 3. Nc3 Bg7 4. e4 d6 5. Bg5 h6 6. Be3 Ng4 7. Bc1 e5 8. d5 f5
9. Be2 O-O 10. Bxg4 fxg4 11. Be3 b6 12. Qd2 Qh4 13. Nge2 Rf7 14. O-O Nd7 15. b4
a5 16. a3 Nf6 17. Ng3 Nh7 18. c5 bxc5 19. bxc5 h5 20. cxd6 cxd6 21. Nb5 Qd8 22.
Rfc1 h4 23. Nf1 h3 24. g3 Nf6 25. Qd3 a4 26. Rab1 Ba6 27. Rb4 Rb7 28. Qb1 Qf8
29. Nc3 Rxb4 30. Qxb4 Bd3 31. Nd2 Rc8 32. Re1 Rc4 33. Qb2 Nxe4 34. Ncxe4 Bxe4
0-1

[Event "Cappelle-la-Grande"]
[Site "Cappelle-la-Grande (FRA)"]
[Date "2013.02.27"]
[Round "6.22"]
[White "Monroy, Charles"]
[Black "Miezis, Normunds"]
[Result "0-1"]
[WhiteElo "2443"]
[BlackElo "2572"]
[PlyCount "74"]
[EventDate "2013.??.??"]

1. Nf3 c5 2. e4 e6 3. d4 cxd4 4. Nxd4 a6 5. Be2 Nf6 6. Nc3 Qc7 7. O-O Bc5 8.
Kh1 Nc6 9. Nxc6 bxc6 10. f4 d5 11. e5 Nd7 12. Bd3 g6 13. Na4 Be7 14. c4 Bb7 15.
Be3 f6 16. f5 Nxe5 17. fxe6 dxc4 18. Be4 O-O 19. Qc2 f5 20. Bf3 Nxf3 21. Rxf3
c5 22. Bf4 Qc6 23. Re1 Rad8 24. Nc3 Rd3 25. Rf2 Bh4 26. Bg3 Bxg3 27. hxg3 Re8
28. e7 Rxg3 29. Re5 Qd6 30. Qe2 Rxe7 31. Qxc4+ Kg7 32. Rxe7+ Qxe7 33. Re2 Qd6
34. Qh4 g5 35. Re7+ Kf8 36. Rf7+ Ke8 37. Re7+ Kd8 0-1

[Event "Cappelle-la-Grande"]
[Site "Cappelle-la-Grande (FRA)"]
[Date "2013.02.27"]
[Round "6.23"]
[White "Bailet, Pierre"]
[Black "Malakhatko, Vadim"]
[Result "1/2-1/2"]
[WhiteElo "2440"]
[BlackElo "2565"]
[PlyCount "80"]
[EventDate "2013.??.??"]

1. d4 Nf6 2. c4 e6 3. Nf3 b6 4. g3 Ba6 5. b3 b5 6. cxb5 Bxb5 7. Bg2 Bb4+ 8. Bd2
a5 9. O-O d5 10. Nc3 Ba6 11. Na4 Bb5 12. Nc5 Bxc5 13. dxc5 Nc6 14. Bc3 O-O 15.
Nd4 Nxd4 16. Qxd4 Re8 17. Qe5 Qe7 18. Rfc1 Ra7 19. c6 Ra6 20. Bd4 Qd6 21. Qxd6
cxd6 22. c7 Rc8 23. Rc2 Kf8 24. f4 a4 25. Rb1 Ke7 26. bxa4 Bxa4 27. Rc3 Kd7 28.
e3 Rxc7 29. Bf1 Rxc3 30. Bxc3 Rc6 31. Bd4 Rc2 32. Rb7+ Ke8 33. Rb8+ Ke7 34.
Rb7+ Kf8 35. Ra7 Bc6 36. Rc7 Ba4 37. Ra7 Bc6 38. Rc7 Ba4 39. Ra7 Rxa2 40. Ra8+
Ke7 1/2-1/2

[Event "Cappelle-la-Grande"]
[Site "Cappelle-la-Grande (FRA)"]
[Date "2013.02.27"]
[Round "6.24"]
[White "Solomon, Kenny"]
[Black "Arutinian, David"]
[Result "1/2-1/2"]
[WhiteElo "2423"]
[BlackElo "2545"]
[PlyCount "40"]
[EventDate "2013.??.??"]

1. Nf3 g6 2. d4 Bg7 3. e4 d6 4. c3 Nf6 5. Bd3 Nbd7 6. O-O e5 7. Re1 O-O 8. Bg5
h6 9. Bh4 Qe8 10. Nbd2 Nh5 11. Nc4 Nf4 12. Bf1 b6 13. a4 a6 14. dxe5 Nxe5 15.
Nfxe5 dxe5 16. f3 Be6 17. Ne3 Qc6 18. Qc2 Qb7 19. Bc4 b5 20. Bxe6 Nxe6 1/2-1/2

[Event "Cappelle-la-Grande"]
[Site "Cappelle-la-Grande (FRA)"]
[Date "2013.02.27"]
[Round "6.25"]
[White "Maiorov, Nikita"]
[Black "Mladenov, Plamen"]
[Result "1-0"]
[WhiteElo "2542"]
[BlackElo "2421"]
[PlyCount "57"]
[EventDate "2013.??.??"]

1. d4 Nf6 2. c4 g6 3. g3 d5 4. cxd5 Nxd5 5. Bg2 Bg7 6. e4 Nb6 7. Ne2 O-O 8. O-O
Nc6 9. d5 Na5 10. Nbc3 c6 11. b3 cxd5 12. exd5 e6 13. Ba3 Re8 14. d6 Bd7 15.
Rc1 Rc8 16. Qd3 a6 17. Ne4 f5 18. Nc5 Bb5 19. Qd2 Bxe2 20. Qxe2 Qxd6 21. b4
Nac4 22. Rxc4 Nxc4 23. Qxc4 b6 24. Qxa6 e5 25. Nb7 Qe6 26. Rd1 e4 27. Bc1 Qc6
28. Bf1 Kh8 29. Nd6 1-0

[Event "Cappelle-la-Grande"]
[Site "Cappelle-la-Grande (FRA)"]
[Date "2013.02.27"]
[Round "6.26"]
[White "Nemcova, Katerina"]
[Black "Lagarde, Maxime"]
[Result "0-1"]
[WhiteElo "2368"]
[BlackElo "2529"]
[PlyCount "58"]
[EventDate "2013.??.??"]

1. e4 c5 2. Nf3 d6 3. d4 cxd4 4. Nxd4 Nf6 5. Nc3 a6 6. Be3 e6 7. g4 e5 8. Nf5
h5 9. Bg5 hxg4 10. Bxf6 Qxf6 11. Qxg4 Be6 12. Qg2 d5 13. Ne3 d4 14. Ncd5 Qd8
15. Nc4 Nd7 16. O-O-O b5 17. Nxe5 Nxe5 18. f4 Nc6 19. Be2 Ra7 20. Kb1 Rh7 21.
Rhe1 Be7 22. f5 Bxd5 23. exd5 Ne5 24. Qe4 Bf6 25. Qxd4 Rd7 26. Bf1 Kf8 27. Rxe5
Re7 28. Rde1 Rxe5 29. Rxe5 Qd6 0-1

[Event "Cappelle-la-Grande"]
[Site "Cappelle-la-Grande (FRA)"]
[Date "2013.02.27"]
[Round "6.27"]
[White "Harazinska, Ewa"]
[Black "Kunin, Vitaly"]
[Result "1/2-1/2"]
[WhiteElo "2019"]
[BlackElo "2525"]
[PlyCount "89"]
[EventDate "2013.??.??"]

1. d4 Nf6 2. c4 e6 3. Nc3 Bb4 4. Qc2 Nc6 5. Nf3 d6 6. a3 Bxc3+ 7. Qxc3 h6 8. b4
O-O 9. e3 Ne4 10. Qc2 f5 11. Bd3 Ng5 12. Nd2 e5 13. b5 Nb8 14. dxe5 dxe5 15.
Bb2 e4 16. Be2 Nd7 17. O-O-O Qe7 18. Nb3 c6 19. bxc6 bxc6 20. c5 Ne6 21. Bc4
Kh7 22. Bxe6 Qxe6 23. Rd6 Qe7 24. Na5 Ne5 25. Nxc6 Nxc6 26. Rxc6 Bb7 27. Rd6
Rac8 28. Kb1 Rc7 29. Rhd1 Bc6 30. Qc4 Rb8 31. Ka1 Qg5 32. g3 Bb5 33. Qd5 Rbc8
34. Rc1 Bc6 35. Qe5 Be8 36. Bd4 Bf7 37. Bb2 Bg8 38. c6 Qh5 39. Rc5 Qf7 40.
Qxf5+ Qxf5 41. Rxf5 Rxc6 42. Rxc6 Rxc6 43. Re5 Rf6 44. Re7 Rf7 45. Rxf7 1/2-1/2

[Event "Cappelle-la-Grande"]
[Site "Cappelle-la-Grande (FRA)"]
[Date "2013.02.27"]
[Round "6.29"]
[White "Sumets, Andrey"]
[Black "Atakisi, Umut"]
[Result "1-0"]
[WhiteElo "2632"]
[BlackElo "2320"]
[PlyCount "61"]
[EventDate "2013.??.??"]

1. d4 Nf6 2. c4 g6 3. Nc3 d5 4. e3 Bg7 5. Nf3 O-O 6. cxd5 Nxd5 7. Bc4 Nb6 8.
Bb3 c5 9. O-O cxd4 10. exd4 Nc6 11. d5 Na5 12. h3 Nxb3 13. axb3 e6 14. d6 Nd5
15. Nxd5 exd5 16. Qxd5 Be6 17. Qc5 Rc8 18. Qb4 Rc6 19. Be3 a5 20. Qa3 Qf6 21.
Nd4 Ra6 22. Nxe6 Qxe6 23. Rfe1 Qf5 24. Rad1 Rd8 25. Qc5 Bf8 26. Qxf5 gxf5 27.
d7 Re6 28. Rd5 f4 29. Bd2 b6 30. Rc1 Bc5 31. Rcxc5 1-0

[Event "Cappelle-la-Grande"]
[Site "Cappelle-la-Grande (FRA)"]
[Date "2013.02.27"]
[Round "6.30"]
[White "Rambaldi, Francesco"]
[Black "Svetushkin, Dmitry"]
[Result "1/2-1/2"]
[WhiteElo "2321"]
[BlackElo "2612"]
[PlyCount "104"]
[EventDate "2013.??.??"]

1. e4 c6 2. d4 d5 3. Nc3 a6 4. Bd3 dxe4 5. Nxe4 Bf5 6. c3 e6 7. Nf3 Nf6 8. Bg5
Be7 9. Nxf6+ Bxf6 10. Bxf6 Qxf6 11. Ne5 Bxd3 12. Qxd3 O-O 13. O-O Rd8 14. Rfe1
Nd7 15. Nc4 Qf4 16. Qg3 Qxg3 17. hxg3 Kf8 18. Na5 Rdc8 19. Nxb7 Rcb8 20. Na5
Rxb2 21. Reb1 Rc2 22. Rb7 Nf6 23. Nxc6 Ng4 24. Ne5 Nxe5 25. dxe5 Rd8 26. Rab1
Rxa2 27. Rb8 Rad2 28. R1b7 g5 29. Rxd8+ Rxd8 30. Ra7 Rd1+ 31. Kh2 Ra1 32. g4 a5
33. c4 Ra4 34. f3 Rxc4 35. Rxa5 Rd4 36. Kg3 Kg7 37. Ra2 Kg6 38. Kf2 Rd5 39. Re2
h5 40. gxh5+ Kxh5 41. g4+ Kg6 42. Kg3 Kg7 43. Re3 Rd4 44. Rc3 Rd1 45. Rb3 Rd5
46. Re3 Rc5 47. Re1 Kf8 48. Re2 Ke7 49. Re3 Rc1 50. Ra3 Kd7 51. Ra7+ Rc7 52.
Rxc7+ Kxc7 1/2-1/2

[Event "Cappelle-la-Grande"]
[Site "Cappelle-la-Grande (FRA)"]
[Date "2013.02.27"]
[Round "6.31"]
[White "Nabaty, Tamir"]
[Black "Frois, Antonio"]
[Result "1-0"]
[WhiteElo "2573"]
[BlackElo "2320"]
[PlyCount "111"]
[EventDate "2013.??.??"]

1. d4 d5 2. c4 e6 3. Nc3 c5 4. cxd5 exd5 5. Nf3 Nc6 6. g3 Nf6 7. Bg2 Be7 8. O-O
O-O 9. dxc5 Bxc5 10. a3 a6 11. b4 Ba7 12. Bg5 Be6 13. Bxf6 Qxf6 14. Nxd5 Bxd5
15. Qxd5 Rad8 16. Qg5 Nd4 17. Qxf6 Nxe2+ 18. Kh1 gxf6 19. Nh4 Rd7 20. Rad1 Rfd8
21. Rxd7 Rxd7 22. Bh3 Rc7 23. Re1 Rc1 24. Rxc1 Nxc1 25. Bc8 a5 26. bxa5 Nb3 27.
Bxb7 Nxa5 28. Bd5 Bxf2 29. Nf5 Bc5 30. a4 Kf8 31. Kg2 Ke8 32. Kf3 Kf8 33. Ke4
Ke8 34. Nh6 Bg1 35. h3 Bf2 36. Kf3 Be1 37. Bxf7+ Kf8 38. Bd5 Kg7 39. Nf5+ Kg6
40. Ne7+ Kg7 41. h4 Bb4 42. Nf5+ Kf8 43. Kg4 Be1 44. Kh5 Bf2 45. g4 Be1 46. g5
fxg5 47. hxg5 Bd2 48. Kh6 Bc1 49. Nd6 Ke7 50. Nb7 Nxb7 51. Bxb7 Bd2 52. Be4 Kf7
53. Bxh7 Kf8 54. Bc2 Kg8 55. Kg6 Kf8 56. Kf6 1-0

[Event "Cappelle-la-Grande"]
[Site "Cappelle-la-Grande (FRA)"]
[Date "2013.02.27"]
[Round "6.32"]
[White "Cornette, Matthieu"]
[Black "Hoolt, Sarah"]
[Result "1-0"]
[WhiteElo "2567"]
[BlackElo "2308"]
[PlyCount "131"]
[EventDate "2013.??.??"]

1. d4 Nf6 2. c4 c5 3. d5 e5 4. Nc3 d6 5. e4 Be7 6. g3 Na6 7. h4 Nc7 8. a4 Na6
9. Bh3 Nb4 10. Kf1 h6 11. Kg2 g6 12. Be3 Bxh3+ 13. Nxh3 Qd7 14. f3 Ng8 15. Nf2
f5 16. h5 g5 17. exf5 Qxf5 18. Nfe4 Nf6 19. Nxf6+ Bxf6 20. Ne4 Be7 21. g4 Qf7
22. Ng3 Rf8 23. Nf5 Qh7 24. Qb1 Rxf5 25. gxf5 a5 26. Qe4 Qf7 27. Bd2 Kd7 28.
Bxb4 axb4 29. a5 Bd8 30. Kf2 b3 31. Ra3 Kc8 32. Rxb3 Bxa5 33. Ra1 Qxh5 34. Kg2
Qf7 35. f6 b6 36. Qf5+ Kc7 37. Rh1 h5 38. Qe6 Rf8 39. Qxf7+ Rxf7 40. Rxh5 Rxf6
41. Rxg5 Rf7 42. Ra3 Re7 43. Rg4 Kb7 44. Ra1 Bd2 45. Kf2 Rh7 46. Rag1 Ka6 47.
Ke2 Bf4 48. Rg7 Rh2+ 49. R7g2 Rh7 50. Kd3 b5 51. Ra1+ Kb6 52. cxb5 Kxb5 53. Rg8
c4+ 54. Kc3 Be3 55. Rb8+ Bb6 56. b4 cxb3 57. Rb1 Ka6 58. Rxb3 Bd4+ 59. Kd3 Ka7
60. R8b4 Ka8 61. Ra4+ Ra7 62. Rxa7+ Bxa7 63. Ke4 Bc5 64. Kf5 Ka7 65. Ke6 Ka6
66. Rb8 1-0

[Event "Cappelle-la-Grande"]
[Site "Cappelle-la-Grande (FRA)"]
[Date "2013.02.27"]
[Round "6.34"]
[White "Vovk, Andrey"]
[Black "Toma, Katarzyna"]
[Result "1-0"]
[WhiteElo "2564"]
[BlackElo "2301"]
[PlyCount "93"]
[EventDate "2013.??.??"]

1. e4 c5 2. Nf3 Nc6 3. d4 cxd4 4. Nxd4 Nf6 5. Nc3 e5 6. Ndb5 d6 7. Bg5 a6 8.
Na3 b5 9. Bxf6 gxf6 10. Nd5 f5 11. g3 fxe4 12. Bg2 Bg7 13. Bxe4 Be6 14. c3 O-O
15. Nc2 f5 16. Bg2 a5 17. O-O Rb8 18. Re1 Qd7 19. a3 Kh8 20. Qd2 e4 21. Rad1
Ne5 22. Nf4 Bb3 23. Rb1 Nc4 24. Qe2 d5 25. Na1 a4 26. Nxb3 axb3 27. Red1 d4 28.
cxd4 Bxd4 29. Kh1 Rb6 30. a4 Rd6 31. axb5 Rc8 32. Bf1 Ne5 33. Bh3 Nf3 34. Rbc1
Rxc1 35. Rxc1 Bb6 36. Qc4 Rd2 37. Ra1 Qd8 38. Bg2 Rxf2 39. Qc3+ Bd4 40. Qc6 Rc2
41. Qb7 Rc7 42. Qxc7 Qxc7 43. Ra8+ Kg7 44. Ne6+ Kf7 45. Nxc7 Bxb2 46. Bxf3 exf3
47. b6 1-0

[Event "Cappelle-la-Grande"]
[Site "Cappelle-la-Grande (FRA)"]
[Date "2013.02.27"]
[Round "6.38"]
[White "Castellanos Rodrigue, Renier"]
[Black "Valuet, Bertrand"]
[Result "1-0"]
[WhiteElo "2529"]
[BlackElo "2290"]
[PlyCount "71"]
[EventDate "2013.??.??"]

1. e4 e5 2. Nf3 Nc6 3. Bb5 Nf6 4. d3 d6 5. c3 g6 6. Nbd2 Bg7 7. Nf1 O-O 8. Ng3
d5 9. Qe2 Re8 10. O-O Bd7 11. Ba4 dxe4 12. dxe4 Nd4 13. cxd4 Bxa4 14. b3 exd4
15. bxa4 d3 16. Qd1 Nxe4 17. Nxe4 Rxe4 18. Rb1 Qd5 19. Qb3 Qxb3 20. axb3 Re2
21. Bd2 Rae8 22. b4 h5 23. Rb3 Rd8 24. h4 a5 25. Rd1 axb4 26. Bxb4 Re4 27. a5
Rd5 28. Bd2 c5 29. Rxb7 Ra4 30. Re1 c4 31. Re8+ Kh7 32. Rxf7 Rf5 33. Rc7 Ra3
34. Ree7 c3 35. Rxg7+ Kh8 36. Rgd7 1-0

[Event "Cappelle-la-Grande"]
[Site "Cappelle-la-Grande (FRA)"]
[Date "2013.02.27"]
[Round "6.39"]
[White "Baryshpolets, Andrey"]
[Black "Lefebvre, Herve"]
[Result "1/2-1/2"]
[WhiteElo "2526"]
[BlackElo "2286"]
[PlyCount "40"]
[EventDate "2013.??.??"]

1. c4 e6 2. d4 Nf6 3. g3 c5 4. d5 exd5 5. cxd5 d6 6. Nc3 g6 7. Bg2 Bg7 8. Nf3
O-O 9. O-O Re8 10. Bf4 Na6 11. Nd2 Nh5 12. Be3 Nc7 13. a4 b6 14. Nc4 Ba6 15.
Na3 Rxe3 16. fxe3 Nf6 17. Bf3 Qe7 18. e4 Nd7 19. Qb3 Ne5 20. Nab5 h5 1/2-1/2

[Event "Cappelle-la-Grande"]
[Site "Cappelle-la-Grande (FRA)"]
[Date "2013.02.27"]
[Round "6.40"]
[White "Ulibin, Mikhail"]
[Black "Kalinina, Olga"]
[Result "1-0"]
[WhiteElo "2521"]
[BlackElo "2279"]
[PlyCount "105"]
[EventDate "2013.??.??"]

1. d4 d5 2. c4 dxc4 3. e3 Nf6 4. Bxc4 e6 5. Nf3 a6 6. O-O c5 7. dxc5 Bxc5 8.
Qxd8+ Kxd8 9. Ne5 Ke7 10. Be2 Nbd7 11. Nc4 Ne4 12. Nbd2 Ndf6 13. Nb3 Ba7 14. f3
Nd6 15. Nxd6 Kxd6 16. Kf2 Bd7 17. Rd1+ Ke7 18. Bd2 Rhc8 19. Na5 Nd5 20. Rac1 b5
21. Bd3 f5 22. Ke2 Bb6 23. Nb3 a5 24. Rxc8 Rxc8 25. Nxa5 Bxa5 26. Bxa5 Ra8 27.
Bd2 Rxa2 28. Rb1 Ke8 29. e4 Nb6 30. Bc3 g6 31. Bd4 Nc4 32. exf5 exf5 33. Kf2
Kf7 34. Kg3 Be6 35. h4 Ra8 36. Be2 Bd5 37. Kf4 Re8 38. Bd1 Rd8 39. Bc3 Re8 40.
Bd4 Rd8 41. b3 Nd2 42. Rb2 Nf1 43. Be2 Bxb3 44. Bxf1 Rxd4+ 45. Ke3 Bc4 46. Kxd4
Bxf1 47. Ke5 Kg7 48. Rd2 b4 49. Rd7+ Kh6 50. g4 fxg4 51. fxg4 b3 52. g5+ Kh5
53. Kf4 1-0

[Event "Cappelle-la-Grande"]
[Site "Cappelle-la-Grande (FRA)"]
[Date "2013.02.27"]
[Round "6.41"]
[White "Popilski, Gil"]
[Black "Haast, Anne"]
[Result "1-0"]
[WhiteElo "2518"]
[BlackElo "2268"]
[PlyCount "73"]
[EventDate "2013.??.??"]

1. d4 Nf6 2. c4 c5 3. d5 b5 4. cxb5 a6 5. bxa6 g6 6. Nc3 Bxa6 7. Nf3 d6 8. g3
Bg7 9. Bg2 Nfd7 10. Bd2 Nb6 11. b3 Bb7 12. Nh4 Qc8 13. O-O g5 14. Nf3 Nxd5 15.
Nxd5 Bxd5 16. Bxg5 Qb7 17. e4 Bxb3 18. Rb1 Bxd1 19. Rxb7 f6 20. Rxd1 fxg5 21.
Nxg5 Bf6 22. Ne6 Na6 23. Bf1 Kf7 24. Rxd6 Rhb8 25. Bxa6 Rxb7 26. Bxb7 exd6 27.
Ng5+ Bxg5 28. Bxa8 Bd2 29. f4 Ke7 30. Bd5 Kf6 31. Kf2 Ke7 32. Ke2 Bc3 33. g4
Bb2 34. a4 Kd7 35. a5 Kc7 36. g5 Bc1 37. Kf3 1-0

[Event "Cappelle-la-Grande"]
[Site "Cappelle-la-Grande (FRA)"]
[Date "2013.02.27"]
[Round "6.42"]
[White "Palacios, Antonio"]
[Black "Gabuzyan, Hovhannes"]
[Result "0-1"]
[WhiteElo "2285"]
[BlackElo "2517"]
[PlyCount "144"]
[EventDate "2013.??.??"]

1. c4 Nf6 2. Nc3 c5 3. g3 e6 4. Nf3 b6 5. Bg2 Bb7 6. O-O Be7 7. d4 cxd4 8. Qxd4
d6 9. Rd1 a6 10. b3 Nbd7 11. Bb2 O-O 12. Ne1 Qc7 13. Rac1 Rfc8 14. Ne4 Ne8 15.
h4 Nc5 16. Qe3 Bc6 17. Ng5 h6 18. Nh3 Nf6 19. Bxf6 Bxf6 20. Nf4 Bxg2 21. Nexg2
Be5 22. Nd3 Nxd3 23. Qxd3 Qc5 24. Qe3 Qa3 25. Rc2 b5 26. Qc1 Qa5 27. Ne3 h5 28.
Qd2 Qb6 29. Rdc1 g6 30. Kg2 Rc7 31. Qd3 Kg7 32. Qe4 Raa7 33. c5 Qc6 34. Qxc6
Rxc6 35. cxd6 Rxd6 36. Nd1 Rad7 37. Nb2 Bd4 38. Nd3 a5 39. Nc5 Ra7 40. a4 Rb6
41. Rd1 Bxc5 42. Rxc5 bxa4 43. bxa4 Rb4 44. Ra1 Kf6 45. Rb5 Ke7 46. Rg5 Kd6 47.
f3 e5 48. g4 hxg4 49. Rxg4 Rab7 50. Kg3 Ke6 51. Rc1 Rxg4+ 52. fxg4 Rb3+ 53. Kg2
Rb4 54. Kg3 Rxa4 55. Rc6+ Ke7 56. Ra6 Ra3+ 57. Kg2 Kf8 58. h5 gxh5 59. gxh5 Kg7
60. h6+ Kh7 61. Rf6 Ra4 62. e3 Rc4 63. Kf3 a4 64. e4 Kg8 65. Rf5 Rc7 66. Rxe5
Ra7 67. Rg5+ Kh7 68. Rg2 a3 69. Ra2 Kxh6 70. Kf4 Ra5 71. e5 Kg7 72. Kf5 f6 0-1

[Event "Cappelle-la-Grande"]
[Site "Cappelle-la-Grande (FRA)"]
[Date "2013.02.27"]
[Round "6.43"]
[White "Kiselev, Vitaliy"]
[Black "Lorscheid, Gerhard"]
[Result "1-0"]
[WhiteElo "2517"]
[BlackElo "2264"]
[PlyCount "79"]
[EventDate "2013.??.??"]

1. d4 d6 2. Nf3 Nf6 3. c4 g6 4. Nc3 Bg7 5. e4 O-O 6. Be2 c5 7. d5 e6 8. O-O Re8
9. h3 exd5 10. exd5 Ne4 11. Nxe4 Rxe4 12. Bd3 Re8 13. Bg5 Qc7 14. Qd2 Nd7 15.
Rae1 Ne5 16. Nxe5 Bxe5 17. Bf6 Bxf6 18. Rxe8+ Kg7 19. Rfe1 Rb8 20. b3 b6 21.
Qf4 Bd7 22. Rxb8 Qxb8 23. a4 a5 24. Re2 Qf8 25. g4 h6 26. Qg3 Bd4 27. Kg2 f6
28. f4 Qf7 29. Bc2 Kg8 30. Qf3 g5 31. Bf5 Bxf5 32. gxf5 Qg7 33. fxg5 Qxg5+ 34.
Qg3 Be5 35. Qxg5+ fxg5 36. h4 gxh4 37. Re4 Kf7 38. Rxh4 Kf6 39. Rxh6+ Kxf5 40.
Kf3 1-0

[Event "Cappelle-la-Grande"]
[Site "Cappelle-la-Grande (FRA)"]
[Date "2013.02.27"]
[Round "6.44"]
[White "Papp, Petra"]
[Black "Kanep, Meelis"]
[Result "1/2-1/2"]
[WhiteElo "2280"]
[BlackElo "2508"]
[PlyCount "42"]
[EventDate "2013.??.??"]

1. e4 c5 2. Nf3 Nc6 3. d4 cxd4 4. Nxd4 Qb6 5. Nb3 Nf6 6. Nc3 e6 7. Qe2 Bb4 8.
Bd2 O-O 9. a3 Be7 10. e5 Nd5 11. Nxd5 exd5 12. O-O-O d6 13. exd6 Bxd6 14. Be3
Qc7 15. Kb1 Re8 16. Rxd5 Be6 17. Rd2 Bxb3 18. cxb3 Bf4 19. Rd3 Rad8 20. Qc2
Bxe3 21. fxe3 g6 1/2-1/2